|
|
|
|
| LEADER |
00910nam a2200301 4500 |
| 001 |
DLU090078095 |
| 005 |
##20090608 |
| 040 |
# |
# |
|a DLU
|b eng
|
| 041 |
# |
# |
|a eng
|
| 044 |
# |
# |
|a JP
|
| 100 |
# |
# |
|a Huang, Xiaojun.
|
| 245 |
# |
# |
|a Punctured local holomorphic de Rham cohomology /
|c Xiaojun Huang, Hing Sun Luk, Stephen S.-T. Yau.
|
| 653 |
# |
# |
|a Hypersurface singularity
|
| 653 |
# |
# |
|a Milnor number
|
| 653 |
# |
# |
|a Poincare number
|
| 653 |
# |
# |
|a Rham cohomology
|
| 700 |
# |
# |
|a Luk, Hing Sun.
|
| 700 |
# |
# |
|a Yau, Stephen S.-T.
|
| 773 |
# |
# |
|t Journal of the Mathematical Society of Japan
|g Vol. 55, no. 3 (July 2003), p. 633-640
|
| 920 |
# |
# |
|a Phòng Tạp chí -- Trung tâm Thông tin - Thư viện Trường Đại học Đà Lạt
|
| 994 |
# |
# |
|a DLU
|
| 900 |
# |
# |
|a True
|
| 911 |
# |
# |
|a Trương Bảo Trâm Anh
|
| 925 |
# |
# |
|a G
|
| 926 |
# |
# |
|a A
|
| 927 |
# |
# |
|a BB
|
| 980 |
# |
# |
|a Thư viện Trường Đại học Đà Lạt
|